kpop groups/idols - Statistics

General Stats
  • This quiz has been taken 238 times
  • The average score is 5 of 8
Answer Stats
Hint Answer % Correct
who is bigger and better twice or blackpink blackpink
83%
who has the most toxic fandom bts
78%
who is the korean it girl jennie
72%
enhypen jaypark or soloest jay park enhypen jay park
67%
who is the 4th gen leader bg straykids
56%
who is the 4th gen leader gg itzy
51%
who is the best/fastest rapper changbin
46%
who is the korean it boy jimin
41%
No matching quizzes found
Score Distribution
Percent of People with Each Score
Percentile by Number Answered
Your Score History
You have not taken this quiz